| 000 | 00543nam a2200193 a 4500 | ||
|---|---|---|---|
| 005 | 20140311163015.0 | ||
| 008 | 070330s19uu xx 00 eng d | ||
| 020 | _a0-8442-9616-7 | ||
| 050 |
_aPL 1125.E6 _b.J87 1998 |
||
| 245 |
_aJust enough Chinese. _cD.L. Ellis. |
||
| 260 |
_aU.S.A : _bPassport Books, _c1998. |
||
| 300 |
_a159 p. : _c17 cm. |
||
| 650 |
_aChinese language _xConversation and phrasebooks _xEnglish. |
||
| 700 | _aMcKillop, Beth | ||
| 700 | _aJin, Guo | ||
| 700 | _aHong, Jin | ||
| 942 |
_cBK _2lcc _kFOR |
||
| 999 |
_c39415 _d39415 |
||